Les buteurs de l'Espagne au Championnat d'Europe de football 2008 - Statistiques

Statistiques générales
  • Ce quiz a été pris 45 fois
  • Le résultat moyen est 8 sur 12
Statistiques - réponses
Match Minute Buteur % Correct
Russie - Espagne 0-3 50' Xavi
98%
Espagne - Russie 4-1 20' David Villa
95%
Espagne - Russie 4-1 44' David Villa
95%
Espagne - Russie 4-1 75' David Villa
95%
Suède - Espagne1-2 90+2' David Villa
95%
Suède - Espagne1-2 15' Fernando Torres
93%
Allemagne - Espagne 0-1 33' Fernando Torres
93%
Espagne - Russie 4-1 90+1' Cesc Fàbregas
63%
Russie - Espagne 0-3 82' David Silva
63%
Grèce- Espagne 1-2 88' Daniel Güiza
5%
Russie - Espagne 0-3 73' Daniel Güiza
5%
Grèce- Espagne 1-2 61' Rubén de la Red
3%
Aucun quiz correspondant
Distribution des résultats
% des personnes avec chaque résultat
Percentile par nombre de réponses
Votre historique - résultats
Vous n’avez pas pris ce quiz